Similarly Sized Capitals - Statistics

General Stats
  • This quiz has been taken 8 times
  • The average score is 7 of 15
Answer Stats
City #1 City #1 Population City #2 City #2 Population City #2 Continent % Correct
Cairo 10,107,125 Lima 10,151,000 Americas
88%
Copenhagen 638,117 Athens 637,798 Europe
75%
N'Djamena 916,000 Amsterdam 905,234 Europe
50%
Riyadh 7,676,654 Baghdad 7,682,136 Asia
50%
Asmara 963,000 Stockholm 978,770 Europe
50%
Kuala Lumpur 1,782,500 Bamako 1,809,106 Africa
38%
Bern 134,591 Gitega 135,467 Africa
38%
Washington D.C. 670,050 Kingston 662,491 Americas
38%
Prague 1,357,326 Niamey 1,334,984 Africa
38%
Tirana 557,422 San Salvador 570,459 Americas
38%
Banjul 73,000 Sao Tome 71,868 Africa
38%
Abuja 1,235,880 Tbilisi 1,201,769 Asia
38%
Brasilia 2,982,818 Kuwait City 2,989,000 Asia
25%
Sarajevo 275,524 Nassau 274,400 Americas
25%
Kyiv 2,920,873 Pretoria 2,921,488 Africa
25%
No matching quizzes found
Score Distribution
Percent of People with Each Score
Percentile by Number Answered
Your Score History
You have not taken this quiz